Ice Cream Flavour Anagrams - Statistics

General Stats
  • This quiz has been taken 330 times
  • The average score is 11 of 16
Answer Stats
Anagram of Flavour Answer % Correct
Navllia vanilla
98%
Tocounc coconut
89%
Nabnaa banana
87%
Mecaral caramel
87%
Bertrywars strawberry
85%
Oefcfe coffee
83%
Gamon mango
82%
Belmubbug bubblegum
78%
Spayrrber raspberry
75%
Wemoltaren watermelon
70%
Genrig ginger
67%
Rubyrebel blueberry
59%
Mookers dan cieca cookies and cream
52%
Molte Cinthocd mint chocolate
41%
Mir run nadai rum and raisin
31%
Yobemonch honeycomb
15%
No matching quizzes found
Score Distribution
Percent of People with Each Score
Percentile by Number Answered
Your Score History
You have not taken this quiz